Music Quiz

Random Music or Song Quiz

Mystery Skulls Freaking Out Lyrics Quiz Stats

Quiz not verified by Sporcle

Challenge
Share
Tweet
Embed
Score 0/246 Timer 10:00
0 Plays Today
Song % Correct
I
100%
I
100%
a
100%
I
100%
I
100%
not
100%
I
100%
it
100%
I
100%
I
100%
to
100%
to
100%
that
100%
I
100%
not
100%
it
100%
not
100%
it
100%
to
100%
to
100%
it
100%
to
100%
to
100%
I
100%
I
100%
not
100%
I
100%
it
100%
I
100%
I
100%
to
100%
to
100%
that
100%
I
100%
not
100%
it
100%
not
100%
it
100%
to
100%
to
100%
it
100%
to
100%
to
100%
got
96%
this
96%
I'm
96%
you
96%
Its
96%
got
96%
me
96%
Got
96%
my
96%
my
96%
Can't
96%
you
96%
This
96%
can't
96%
this
96%
It's
96%
in
96%
my
96%
can't
96%
this
96%
I'm
96%
out
96%
of
96%
Got
96%
the
96%
I'm
96%
out
96%
out
96%
this
96%
I'm
96%
out
96%
I'm
96%
of
96%
you
96%
It's
96%
you
96%
me
96%
It's
96%
you
96%
Song % Correct
me
96%
my
96%
you
96%
you
96%
me
96%
can't
96%
this
96%
It's
96%
in
96%
my
96%
can't
96%
this
96%
I'm
96%
out
96%
of
96%
Got
96%
the
96%
I'm
96%
out
96%
out
96%
this
96%
I'm
96%
out
96%
I'm
96%
of
96%
you
96%
It's
96%
you
96%
me
96%
It's
96%
you
96%
me
96%
know
92%
know!
92%
But
92%
time
92%
is
92%
But
92%
is
92%
know
92%
know!
92%
But
92%
time
92%
is
92%
But
92%
feeling
88%
feeling
88%
And
88%
did
88%
feeling
88%
get
88%
did
88%
come
88%
If
88%
what
88%
If
88%
what
88%
And
88%
C'mon
88%
feeling
88%
And
88%
did
88%
feeling
88%
get
88%
did
88%
come
88%
If
88%
what
88%
If
88%
what
88%
like
84%
something
84%
baby
84%
back
84%
life
84%
freaking
84%
like
84%
How
84%
freaking
84%
that's
84%
baby (x2)
84%
that's
84%
Song % Correct
baby (x2)
84%
something
84%
baby
84%
back
84%
life
84%
freaking
84%
like
84%
How
84%
freaking
84%
that's
84%
baby (x2)
84%
that's
84%
baby (x2)
84%
fight
80%
head
80%
fight
80%
about?
80%
fight
80%
head
80%
fight
80%
about?
80%
need
76%
heart
76%
see
76%
running
76%
comes
76%
comes
76%
running
76%
comes
76%
comes
76%
losing
72%
clue
72%
looks
72%
hell.
72%
control
72%
losing
72%
control
72%
losing
72%
reeling
68%
lost
68%
up
68%
feels
68%
all
68%
all
68%
all
68%
Oh
68%
Oh
68%
feels
68%
all
68%
all
68%
Ooh!
68%
spell
64%
****
64%
afraid
64%
Afraid
64%
say
64%
say
64%
just
64%
just
64%
****
64%
afraid
64%
Afraid
64%
say
64%
say
64%
was
60%
gotta
60%
gotta
60%
keep
60%
want
60%
was
60%
gotta
60%
gotta
60%
burning,
56%
turning
56%
done
56%
yeah
52%
tongue
48%
wanna
48%
Til
44%
leave
44%
biting
40%
Alright
36%

You're not logged in!

Compare scores with friends on all Sporcle quizzes.
Join for Free
OR
Log In

You Might Also Like...

Show Comments

Extras

Created Feb 9, 2017ReportNominate
Tags:Song Quiz, mystery, skull

Top Quizzes Today


Score Distribution

Your Account Isn't Verified!

In order to create a playlist on Sporcle, you need to verify the email address you used during registration. Go to your Sporcle Settings to finish the process.

Report this User

Report this user for behavior that violates our Community Guidelines.

Details: